Riconosci la Squadra di calcio - Quiz n°312 - Statistics

Statistiche generali
  • Questo quiz è stato fatto 12 volte
  • Il punteggio medio è 9 su 10
Statistiche sulle risposte
Indizio Risposta % Corretto
Colori sociali Giallo, nero
100%
Simboli Orso
100%
Titoli nazionali 16 Campionati svizzeri
91%
Trofei internazionali 1 Coppa delle Alpi 8 Uhrencup
91%
Capienza Stadio 32 000 posti
91%
Trofei nazionali 8 Coppe di Svizzera
1 Supercoppa di Svizzera
1 Coppa di Lega svizzera
91%
Divisione nazionale 2023-2024 Prima
91%
Confederazione UEFA
91%
Fondazione 1898
82%
Squadra Young Boys
82%
Nessun quiz corrispondente trovato
Distribuzione punteggi
Percentuale di utenti per punteggio
Percentile per numero di risposta
I tuoi punteggi nel tempo
Non hai fatto questo quiz